000 00927nam a22002417a 4500
001 80783
003 BD-RjUL
005 20230620122915.0
008 221115s2007 bg a|||| m||| 00| 0 eng d
035 _a(BD-RjUL)80783
040 _aBD-RjUL
_beng
_cBD-RjUL
_dBD-RjUL
041 _aeng
082 _223
_a595.76
_bSHI 2007
100 _aSharmeen, Eliza
_95859
245 1 0 _aIntegration of irradiation With cytoplasmic incompatibility in the management of the pulse beetle callosobruchus spp.(Coleoptera : Bruchidae) /
_cBy Eliza Sharmeen ;
_6Supervisor : Md. Saiful Islam
260 _aRajshahi :
_bDepartment of Zoology, University of Rajshahi,
_c2007
300 _axvii, 176 leaves :
_bill, ;
_c29.cm.
502 _aThesis (Ph. D.) -- Department of Zoology, University of Rajshahi, 2007
504 _aReferences : Leaves 137 - 161
650 _2Beetles
700 _aIslam, Md. Saiful, Supervisor
_93062
942 _2ddc
_cTHE
999 _c80783
_d80783